000 00544nam a2200193Ia 4500
003 LK-CoDNM
005 20240730120922.0
008 010623t1945 xxu||||| |||| 00| 1 eng d
040 _aLK-CoDNM
_dLK-CoDNM
_eLK-CoDNM
041 _aeng
080 _a8
_bHH5
100 _aHowells,William.
245 _aMankind so far
260 _bDoubleday Doran and Company
_aNew York
_c1945
300 _bxii, 319p. : ill , ill , map ; 23 cm
500 _aThe American Museum of natural History,Science Series
650 _aAnthropology
942 _cBK
999 _c100517
_d100517